The energy question / (Record no. 2828)
[ view plain ]
| 000 -LEADER | |
|---|---|
| fixed length control field | 00868nam a2200277 i 4500 |
| 001 - CONTROL NUMBER | |
| control field | 2239535 |
| 003 - CONTROL NUMBER IDENTIFIER | |
| control field | OSt |
| 005 - DATE AND TIME OF LATEST TRANSACTION | |
| control field | 20230627112101.0 |
| 008 - FIXED-LENGTH DATA ELEMENTS--GENERAL INFORMATION | |
| fixed length control field | 760908s1976 enkab b 000 0 eng |
| 010 ## - LIBRARY OF CONGRESS CONTROL NUMBER | |
| LC control number | 76373891 |
| 015 ## - NATIONAL BIBLIOGRAPHY NUMBER | |
| National bibliography number | GB76-18004 |
| 020 ## - INTERNATIONAL STANDARD BOOK NUMBER | |
| International Standard Book Number | 0140219242 : |
| Terms of availability | £0.90 ($3.95 U.S.) |
| 040 ## - CATALOGING SOURCE | |
| Original cataloging agency | DLC |
| Transcribing agency | DLC |
| Modifying agency | DLC |
| 082 00 - DEWEY DECIMAL CLASSIFICATION NUMBER | |
| Classification number | 333.7 |
| 100 1# - MAIN ENTRY--PERSONAL NAME | |
| Personal name | Foley, Gerald, |
| Dates associated with a name | 1936- |
| 245 14 - TITLE STATEMENT | |
| Title | The energy question / |
| Statement of responsibility, etc. | [by] Gerald Foley, with Charlotte Nassim ; consultant, Gerald Leach. |
| 260 ## - PUBLICATION, DISTRIBUTION, ETC. (IMPRINT) | |
| Place of publication, distribution, etc. | Harmondsworth ; |
| -- | New York [etc.] : |
| Name of publisher, distributor, etc. | Penguin, |
| Date of publication, distribution, etc. | 1976. |
| 300 ## - PHYSICAL DESCRIPTION | |
| Extent | 344 p. : |
| Other physical details | ill., map ; |
| Dimensions | 18 cm. |
| 490 0# - SERIES STATEMENT | |
| Series statement | A Pelican book |
| 504 ## - BIBLIOGRAPHY, ETC. NOTE | |
| Bibliography, etc | Includes bibliographical references. |
| 650 #0 - SUBJECT ADDED ENTRY--TOPICAL TERM | |
| Topical term or geographic name as entry element | Power resources. |
| 650 #0 - SUBJECT ADDED ENTRY--TOPICAL TERM | |
| Topical term or geographic name as entry element | Energy policy. |
| 700 1# - ADDED ENTRY--PERSONAL NAME | |
| Personal name | Nassim, Charlotte, |
| Relator term | joint author. |
| 906 ## - LOCAL DATA ELEMENT F, LDF (RLIN) | |
| a | 7 |
| b | cbc |
| c | orignew |
| d | 3 |
| e | ncip |
| f | 19 |
| g | y-gencatlg |
| 942 ## - ADDED ENTRY ELEMENTS (KOHA) | |
| Source of classification or shelving scheme | Dewey Decimal Classification |
| Koha item type | Books |
| Withdrawn status | Lost status | Source of classification or shelving scheme | Damaged status | Not for loan | Home library | Current library | Date acquired | Total Checkouts | Full call number | Barcode | Date last seen | Price effective from | Koha item type |
|---|---|---|---|---|---|---|---|---|---|---|---|---|---|
| Dewey Decimal Classification | County Hall Archives | County Hall Archives | 06/27/2023 | 333.7 | 10000294 | 06/27/2023 | 06/27/2023 | Books |
